000 01712nam a2200313 a 4500
001 ebr10653554
003 CaPaEBR
006 m u
007 cr cn|||||||||
008 130103s2013 njua s 001 0 eng d
010 _z 2012047942
020 _z9781118529850 (hbk.)
020 _z9781118529881 (e-book)
040 _aCaPaEBR
_cCaPaEBR
035 _a(OCoLC)837180849
050 1 4 _aHD57.7
_b.H388587 2013eb
082 0 4 _a658.4/092
_223
100 1 _aHassan, Fred.
245 1 0 _aReinvent
_h[electronic resource] :
_ba leader's playbook for serial success /
_cFred Hassan.
260 _aHoboken :
_bWiley,
_c2013.
300 _axxvii, 195 p. :
_bill.
500 _aIncludes index.
505 0 _aList of figures -- Foreword -- Author's note -- Introduction -- Unleashing the power of me -- Be authentic -- Be purposeful -- Be connected -- Unleashing the power of we -- Keep leading -- Role model your expectations -- Keep winning -- Conclusion -- Afterword -- Appendices -- Appendix A: Serial success playbook summary -- Appendix B: The concepts behind my playbook -- Appendix C: Values matter -- Appendix D: Bausch + Lomb's rating system descriptors -- Appendix E: Guidelines for expat managers -- Appendix F: Stepping-stones to transformation -- Index -- Acknowledgments -- About the author.
533 _aElectronic reproduction.
_bPalo Alto, Calif. :
_cebrary,
_d2013.
_nAvailable via World Wide Web.
_nAccess may be limited to ebrary affiliated libraries.
650 0 _aLeadership.
655 7 _aElectronic books.
_2local
710 2 _aebrary, Inc.
856 4 0 _uhttp://site.ebrary.com/lib/rucke/Doc?id=10653554
_zAn electronic book accessible through the World Wide Web; click to view
999 _c74870
_d74870